|
|
|
|
| LEADER |
00000nam a22000007a 4500 |
| 005 |
20131128184723.0 |
| 007 |
cr|||| |||| |
| 008 |
131128s2013 sp |||||s|||| 00||0 spa d |
| 035 |
|
|
|a 11671
|
| 040 |
|
|
|a vLex
|
| 090 |
|
|
|c 4603
|d 4603
|
| 100 |
1 |
|
|a Da̕z, Ela̕s
|
| 245 |
1 |
3 |
|a El derecho y el poder
|h [Recurso electrn̤ico] :
|b Realismo crt̕ico y filosofa̕ del derecho /
|c Ela̕s Da̕z
|
| 256 |
|
|
|a Servicio en ln̕ea
|
| 260 |
|
|
|a Madrid :
|b Dykinson,
|c 2013
|
| 300 |
|
|
|a 1 recurso electrn̤ico
|
| 506 |
1 |
|
|a Contenido solo disponible en los productos indicados
|d vLex Global
|d vLex Global (Academic Edition, excluding Law Schools)
|d vLex Global (U.S. Academic Edition, Law Schools)
|d vLex Global (U.S. Academic Edition, excluding Law Schools)
|d vLex Global (Academic Edition, Law Schools)
|
| 650 |
0 |
4 |
|a Derecho
|x Filosofa̕
|
| 740 |
0 |
|
|a vLex Libros (Servicio en ln̕ea)
|
| 856 |
4 |
0 |
|u http://vlex.com/source/el-derecho-y-el-poder-realismo-critico-y-filosofia-derecho-11671
|z Acceso restringido
|
| 942 |
|
|
|c BOOK
|
| 999 |
0 |
|
|a Law--Philosophy
|